<?xml version="1.0" encoding="UTF-8"?>
<record
    xmlns:xsi="http://www.w3.org/2001/XMLSchema-instance"
    xsi:schemaLocation="http://www.loc.gov/MARC21/slim http://www.loc.gov/standards/marcxml/schema/MARC21slim.xsd"
    xmlns="http://www.loc.gov/MARC21/slim">

  <leader>00517nam a22001817a 4500</leader>
  <datafield tag="952" ind1=" " ind2=" ">
    <subfield code="0">0</subfield>
    <subfield code="1">0</subfield>
    <subfield code="2">ddc</subfield>
    <subfield code="4">0</subfield>
    <subfield code="7">0</subfield>
    <subfield code="8">NFIC</subfield>
    <subfield code="a">ASL</subfield>
    <subfield code="b">ASL</subfield>
    <subfield code="c">GEN</subfield>
    <subfield code="d">2021-10-28</subfield>
    <subfield code="e">ASB Library Collection</subfield>
    <subfield code="h">U-0653</subfield>
    <subfield code="l">0</subfield>
    <subfield code="o">297.122 VAQ</subfield>
    <subfield code="p">113338</subfield>
    <subfield code="r">2021-10-28 00:00:00</subfield>
    <subfield code="t">C-1</subfield>
    <subfield code="w">2021-10-28</subfield>
    <subfield code="y">BK</subfield>
  </datafield>
  <datafield tag="999" ind1=" " ind2=" ">
    <subfield code="c">27250</subfield>
    <subfield code="d">27250</subfield>
  </datafield>
  <controlfield tag="003">BDDh-ASL</controlfield>
  <controlfield tag="005">20231015030737.0</controlfield>
  <controlfield tag="008">211028s1960    ii ||||| |||| 00| 0 u   d</controlfield>
  <datafield tag="040" ind1=" " ind2=" ">
    <subfield code="a">BDDh-ASL</subfield>
    <subfield code="c">BDDh-ASL</subfield>
  </datafield>
  <datafield tag="082" ind1=" " ind2=" ">
    <subfield code="a">297.122</subfield>
    <subfield code="b">VAQ </subfield>
  </datafield>
  <datafield tag="100" ind1="1" ind2=" ">
    <subfield code="9">5490</subfield>
    <subfield code="a">Valiuddin, Mir </subfield>
  </datafield>
  <datafield tag="245" ind1="1" ind2="0">
    <subfield code="a">Quran Aur Tameer-e Sirat : / &#x642;&#x631;&#x622;&#x646; &#x622;&#x648;&#x631; &#x62A;&#x639;&#x645;&#x64A;&#x631; &#x633;&#x64A;&#x631;&#x62A; </subfield>
  </datafield>
  <datafield tag="260" ind1=" " ind2=" ">
    <subfield code="a">Delhi : </subfield>
    <subfield code="b">Nadwatul Musannifeen, </subfield>
    <subfield code="c">1960. </subfield>
  </datafield>
  <datafield tag="300" ind1=" " ind2=" ">
    <subfield code="a">351 p. : </subfield>
    <subfield code="c">26 cm. </subfield>
  </datafield>
  <datafield tag="650" ind1=" " ind2="0">
    <subfield code="9">1854</subfield>
    <subfield code="a">Quran</subfield>
  </datafield>
  <datafield tag="650" ind1=" " ind2="0">
    <subfield code="9">2284</subfield>
    <subfield code="a">Culture</subfield>
  </datafield>
  <datafield tag="942" ind1=" " ind2=" ">
    <subfield code="2">ddc</subfield>
    <subfield code="c">BK</subfield>
  </datafield>
</record>
